| 000 | 00000nam 2200000zi 4500 |
| 001 | 9.950883 |
| 003 | CaOODSP |
| 005 | 20250819101249 |
| 006 | m o d f |
| 007 | cr cn||||||||| |
| 008 | 250507e20250331qucd o f000 0 fre d |
| 020 | |a9780660771861 |
| 040 | |aCaOODSP|bfre|erda|cCaOODSP |
| 043 | |an-cn--- |
| 086 | 1 |aIP54-118/2025F-PDF |
| 245 | 00|aRecherche sur l'opinion publique concernant les enjeux liés à la protection de la vie privée de 2024-2025 : |brapport final / |cpréparé pour le Commissariat à la protection de la vie privée du Canada. |
| 264 | 1|aGatineau (Québec) : |bCommissariat à la protection de la vie privée du Canada = Office of the Privacy Commissioner of Canada, |c31 mars 2025. |
| 300 | |a1 ressource en ligne (89 pages) : |bgraphiques |
| 336 | |atexte|btxt|2rdacontent/fre |
| 337 | |ainformatique|bc|2rdamedia/fre |
| 338 | |aressource en ligne|bcr|2rdacarrier/fre |
| 500 | |aTitre de la couverture. |
| 500 | |a« Nom du fournisseur : Phoenix SPI. » |
| 500 | |a« Numéro du marché : CW2385984. » |
| 500 | |a« Numéro d'enregistrement : ROP No 093-24. » |
| 500 | |aPublié aussi en anglais sous le titre : 2024-25 public opinion research on privacy issues : final report. |
| 520 | |a« Cette recherche avait deux objectifs principaux : évaluer la connaissance et la compréhension qu'ont les Canadiennes et les Canadiens de leur droit à la vie privée et des enjeux connexes, et découvrir les préoccupations des parents et des enseignants concernant la protection de la vie privée des enfants et des adolescents » -- But et objectifs de la recherche, page 1. |
| 650 | 6|aDroit à la vie privée|zCanada|xOpinion publique. |
| 650 | 6|aParents|zCanada|xAttitudes. |
| 650 | 6|aEnseignants (Enseignement primaire)|zCanada|xAttitudes. |
| 650 | 6|aEnseignants (Enseignement secondaire)|zCanada|xAttitudes. |
| 650 | 6|aOpinion publique|zCanada. |
| 710 | 2 |aCommissariat à la protection de la vie privée du Canada, |eorganisme de publication. |
| 775 | 08|t2024-25 public opinion research on privacy issues : |w(CaOODSP)9.950882 |
| 856 | 40|qPDF|s3.96 Mo|uhttps://publications.gc.ca/collections/collection_2025/cpvp-opc/IP54-118-2025-fra.pdf|zRapport final |
| 856 | 4 |qHTML|sS.O.|uhttps://epe.bac-lac.gc.ca/100/200/301/pwgsc-tpsgc/por-ef/office_privacy_commissioner/2025/093-24-f/093-24-rapport.html|zRapport final |
| 856 | 4 |qHTML|sS.O.|uhttps://epe.bac-lac.gc.ca/100/200/301/pwgsc-tpsgc/por-ef/office_privacy_commissioner/2025/093-24-f/index.html|zEnsemble complet de données |